Svět špatných úvěrů bánk a jejich vymáhání
Klasifikácia faktorov vplývajúcich na vymáhateľnosť úverov. Kredibilita dlžníka - vyššia vymáhateľnosť. Príklad vymáhateľnosti v rokoch 1993-2002. Doba vymáhania nesplatených úverov. Agentúry zriadené na vymáhanie nesplatených bankových úverov. Spoľahlivý dlžníci dominujú v súčasnosti. Rozhodovanie...
Enregistré dans:
| Auteur principal: | |
|---|---|
| Format: | Chapitre de livre |
| Langue: | tchèque |
| Sujets: | |
| Tags: |
Pas de tags, Soyez le premier à ajouter un tag!
|
MARC
| LEADER | 00000naa$a2200000$$$4500 | ||
|---|---|---|---|
| 001 | 0050046 | ||
| 005 | 20231010090001.9 | ||
| 041 | 0 | |a cze | |
| 044 | |a CZ | ||
| 245 | 1 | 0 | |a Svět špatných úvěrů bánk a jejich vymáhání |c Karel Machala |
| 520 | |a Klasifikácia faktorov vplývajúcich na vymáhateľnosť úverov. Kredibilita dlžníka - vyššia vymáhateľnosť. Príklad vymáhateľnosti v rokoch 1993-2002. Doba vymáhania nesplatených úverov. Agentúry zriadené na vymáhanie nesplatených bankových úverov. Spoľahlivý dlžníci dominujú v súčasnosti. Rozhodovanie o predaji nesplácaného úveru alebo o jeho vymáhaní. Kriminálne skupiny a vymáhanie úverov. | ||
| 610 | 2 | 0 | |a insolventnosť |
| 610 | 2 | 0 | |a dlžníci |
| 610 | 2 | 0 | |a konjunktúra hospodárska |
| 610 | 2 | 0 | |a vymáhanie pohľadávok |
| 610 | 2 | 0 | |a úver bankový |
| 610 | 2 | 0 | |a bankovníctvo |
| 100 | 1 | |a Machala, Karel | |